Marvel - Mort subite #2 - Statistiques

Statistiques générales
  • Ce quiz a été pris 3 297 fois
  • Le résultat moyen est 12 sur 17
Answers on the Grid
Answers color-coded by a green-red scale on the quiz's grid according to % correct below.
War Machine
U.S Agent
Human Torch
Wolverine
Loki
Mantis
Dogpool
Miles Morales
Black Widow
Nebula
Nick Fury
Docteur Octopus
Starlord
Mister Fantastic
Ghost Rider
Docteur Strange
Mister Knight
Starlight
Black Noir
Queen Maeve
Omni-Man
Simon Bellamy
Saitama
Killer frost
Lex Luthor
Mister Freeze
Poison Ivy
Ra's al ghul
Riddler
Static
 
Statistiques - réponses
Réponse % Correct
Loki
85%
Black Widow
82%
Docteur Strange
81%
Nick Fury
79%
Wolverine
76%
Docteur Octopus
75%
Nebula
74%
War Machine
73%
Starlord
71%
Miles Morales
70%
Mantis
69%
Human Torch
65%
Ghost Rider
64%
Mister Fantastic
63%
U.S Agent
54%
Dogpool
49%
Mister Knight
24%
Aucun quiz correspondant
Distribution des résultats
% des personnes avec chaque résultat
Percentile par nombre de réponses
Votre historique - résultats
Vous n’avez pas pris ce quiz